Sports Quiz

Random Sports or Soccer Quiz
Score 0/20 Timer 05:00
1 Play Today
Football Club FA Cup or League Cup? % Correct
Wigan Athletic???
88.3%
Swansea City???
84.2%
Portsmouth???
80%
Preston North End???
78.8%
Wimbledon???
75.4%
West Ham United???
74.3%
Swindon Town???
73.3%
Middlesbrough???
72.3%
Ipswich Town???
71.3%
Norwich City???
68.6%
Football Club FA Cup or League Cup? % Correct
Oxford United???
68.3%
Southampton???
67.2%
Birmingham City???
66.7%
Coventry City???
66.3%
Luton Town???
66.1%
Blackpool???
65.2%
Leicester City???
63.3%
Queens Park Rangers???
58.5%
Cardiff City???
54.3%
Stoke City???
48.7%
Come Together.
Have Fun.
All Virtual.
We all need to come together. Play Sporcle's virtual live trivia to have fun, connect with people, and get your trivia on. Join a live hosted trivia game for your favorite pub trivia experience done virtually. If a virtual private party is more your thing, go here for details.

You're not logged in!

Compare scores with friends on all Sporcle quizzes.
OR
Log In

Sporcle TV

Today on Sporcle TV


Watch our educational content, quiz creation guides, and fun videos on Sporcle TV.

Show Comments

Extras

Top Quizzes Today


Score Distribution

Paid Content

Your Account Isn't Verified!

In order to create a playlist on Sporcle, you need to verify the email address you used during registration. Go to your Sporcle Settings to finish the process.

Report this User

Report this user for behavior that violates our Community Guidelines.

Details: